[Event "Santiago Endesa"]
[Site "Santiago de Chile"]
[Date "2008.10.27"]
[Round "5"]
[White "Michel Yunis, Christian D"]
[Black "Llorens, Marcelo"]
[Result "1-0"]
[WhiteElo "2368"]
[BlackElo "2353"]
[PlyCount "47"]
[EventDate "2008.10.23"]
[EventType "tourn"]
[EventRounds "9"]
[EventCountry "CHI"]
[EventCategory "7"]
[SourceTitle "EXT 2009"]
[Source "ChessBase"]
[SourceDate "2008.11.26"]
[SourceVersion "1"]
[SourceVersionDate "2008.11.26"]
[SourceQuality "1"]

1. d4 Nf6 2. Nf3 c5 3. e3 g6 4. c4 Bg7 5. Nc3 0-0 6. d5 e6 7. g3 exd5 8. cxd5 d6 9. Bg2 b5 10. Nxb5 Qa5+ 11. Nc3 Ne4 12. Bd2 Nxd2 13. Qxd2 Ba6 14. Bf1 Bxf1 15. Kxf1 Nd7 16. Kg2 Rab8 17. Rab1 Nb6 18. Rhc1 Nc4 19. Qc2 f5 20. Ng5 Rfe8 21. Ne6 Bf6 22. e4 Bxc3 23. bxc3 Rxb1 24. Nc7 1-0